000 00870nam a22002417a 4500
999 _c63471
_d63471
005 20240530110643.0
008 171025s2015 ua a g b 000 0 ara d
017 _a2014/20473
_bمصر. دار الكتب
020 _a9789773506049
040 _aEG-CaGPL
_cEG-CaGPL
082 0 4 _221
_a179.8\
_bأ إ
100 0 _aاحمد الحسينى هلال .
245 _aانفعال الالم :
_bنحو رؤية نفسية للكراهية /
_cاحمد الحسينى هلال .
250 _aط.1
260 _aالقاهرة :
_bدار الكتاب الحديث ،
_c2014 .
300 _a75 ص. ؛
_c24 سم.
504 _aببليوجرافية : ص 69 - 73
650 0 7 _2qrmak
_aالكراهية
650 0 7 _2qrmak
_aالالم
650 0 7 _2qrmak
_aالانفعالات النفسية
942 _2ddc
_cBK